LEADER 01003nam a2200217 i 4500 001 000000007263 003 CaOOAMICUS 005 20180830125438.0 008 180830s1927 it u000 u ita u 040 $aSeMil$bita 245 13$aLe cronache bresciane inedite :$bdei secoli 15.-19. /$ctrascritte e annotate da Paolo Guerrini. 260 $aBrescia :$b[s.n.],$c1927. 300 $av. ;$c24 cm. 650 4$aBrescia - Storia - Fonti - Sec. 15.-19.$0(OLS)http://semarc/subject/1191 700 1 $aGuerrini, Paolo,$c.$0(OLS)http://semarc/name/3780 773 0 $tFonti per la storia bresciana.$w()7264 774 0 $tVol. 3.$kFonti per la storia bresciana$g3$w()89167 774 0 $a* Intestazione al titolo$tVol. 5.$kFonti per la storia bresciana$g5$w()106369 774 0 $tVol. 2.$kFonti per la storia bresciana$g2$w()106370 996 $6245$aLe cronache bresciane inedite :$bdei secoli 15.-19.$9(OLS)http://semarc/title/9733 996 $6260$aBrescia :$b[s.n.]$9(OLS)http://semarc/publisher/30142 LEADER 01133nam a2200229 i 4500 001 000000210530 003 CaOOAMICUS 005 20120131000000.0 008 120131s1581 xx u000 u lat u 013 $a189343 040 $aSeMil$bita 245 10$aCommentaria una cum quaestionibus in universam Aristotelis logicam. 260 $aParigi :$bapud Jacobum Dupuys,$c1581. 300 $a17,5 x 23 ;$cpp. 440 ;$crom. 500 $aDescrizione da : Incunaboli e Cinquecentine della Biblioteca del Seminario di Milano / catalogo a cura di Ubaldo Valentini, Milano 1981. - Numero di catalogo : 1610. 650 4$aCinquecentine.$0(OLS)http://semarc/subject/1297 650 4$aMilano (Ducato) - Statuti.$0(OLS)http://semarc/subject/11012 700 1 $aToledo, Francisco : de,$c.$0(OLS)http://semarc/name/12262 850 $aSeMil 852 $aSeMil$W1$xVenegono$y1$mFV.E II 39 ^$j160977$B160977$CSeMilBibl$Z2$F172146 $86 996 $6245$aCommentaria una cum quaestionibus in universam Aristotelis logicam$9(OLS)http://semarc/title/304318 996 $6260$aParigi :$bapud Jacobum Dupuys$9(OLS)http://semarc/publisher/50280